000 00890nas a2200301 4500
001 BR0204584
003 BR-BrBNA
005 20231205103229.0
007 ta
008 230509b bl.|||p| |||| 00| 00por d
040 _aBR-BrBNA
_bpor
_cBiblioteca Nacional de Agricultura
041 _a(Pt)
072 _aK50
100 1 _aMenezzi, C.H.S.D.
100 1 _aNahuz, M.A.R.
100 1 _aSouza, M.R. de
245 1 _aAspectos tecnológicos da produção de madeira serrada de Eucalyptus cloeziana F. Muell.
650 _aEUCALIPTO
650 _aMADEIRA SERRADA
650 _aINDÚSTRIA FLORESTAL
650 _aPRODUÇÃO FLORESTAL
650 _aCRESCIMENTO
650 _aRENDIMENTO
650 _aCERRADO
773 0 _tBrasil Florestal (Brazil)
_xISSN 0045-270X
_g(Jun 2001), v. 20(70) p. 75-82
_wBR0204584
909 _a202311
_bLúcia
_c55
_dLúcia Elande
942 _2AGRIS
_n0
_cANA
999 _c171783
_d171783